000 01114nac a22002891u 4500
003 EG-ScBUE
005 20220327101851.0
008 200219s1902 nyucf f 000 0 eng d
040 _aEG-ScBUE
_beng
_erda
_cEG-ScBUE
_dEG-ScBUE
082 0 4 _a843.8
_bMAU
_222
100 1 _aMaupassant, Guy de,‏
_d1850-1893,
_eauthor.
245 1 0 _aPierre and Jean ;
_cGuy de Maupassant ; translated from the French by Clara Bell ; with a critical introduction by the Earl of Crewe.
264 1 _aNew York :
_bP. F. Collier and Son,
_c1902.
300 _alxvii, 237 pages :
_bcolor plates, portraits ;
_c22 cm.
336 _2rdacontent
_atext
_btxt
337 _2rdamedia
_aunmediated
_bn
338 _2rdacarrier
_avolume
_bnc
490 0 _aThe French classical romances
546 _aText in English ; translated from the original French.
650 _2BUEsh
651 7 _aFrance
_xSocial life and customs
_vFiction.
_2BUEsh
_933934
653 _bGGEN
_cMarch2022
655 _vReading book
_934232
700 1 _aBell, Clara,
_d1834-1927,
_etranslator.
942 _cBB
_k843.8 MAU
_2ddc
999 _c2972
_d2972